Statistics for European Countries on the Most Wikipedias

Click here to take the quiz!

General Stats

  • This quiz has been taken 28 times
  • The average score is 9 of 10

Answer Stats

#Country% Correct
281Italy
100%
265Austria, United Kingdom
100%
289Russia
96%
280Germany
96%
279France
96%
279Poland
96%
272Spain
96%
283Norway
78%
293Finland
74%
266Ukraine
70%

Score Distribution

Percentile by Number Answered

Percent of People with Each Score

Your Score History

You have not taken this quiz